Sports Quiz

Random Sports or NBA Quiz

NBA MVP Teammates Quiz Stats

 Plays Quiz Updated Jun 26, 2018

Score 0/32 Timer 06:00
43 Plays Today
Team Players % Correct
Los Angeles LakersKobe Bryant & Shaquille O'Neal
90.1%
Golden State WarriorsStephen Curry & Kevin Durant
88.6%
Oklahoma City ThunderKevin Durant & Russell Westbrook
86.5%
San Antonio SpursTim Duncan & David Robinson
80.1%
Los Angeles LakersKobe Bryant & Steve Nash
70.3%
Phoenix SunsSteve Nash & Shaquille O'Neal
69.7%
Los Angeles LakersKareem Abdul-Jabbar & Magic Johnson
67.8%
Cleveland CavaliersLeBron James & Shaquille O'Neal
66.2%
Oklahoma City ThunderKevin Durant & James Harden
63.1%
Oklahoma City ThunderRussell Westbrook & James Harden
62.6%
Dallas MavericksSteve Nash & Dirk Nowitzki
62.1%
Boston CelticsKevin Garnett & Shaquille O'Neal
59.8%
Los Angeles LakersKobe Bryant & Karl Malone
57.7%
Philadelphia 76ersJulius Erving & Moses Malone
57.6%
Boston CelticsBob Cousy & Bill Russell
53.9%
Cleveland CavaliersLeBron James & Derrick Rose
51.5%
Team Players % Correct
Los Angeles LakersKarl Malone & Shaquille O'Neal
50.4%
Milwaukee BucksKareem Abdul-Jabbar & Oscar Robertson
44.7%
Houston RocketsCharles Barkley & Hakeem Olajuwon
43.3%
Philadelphia 76ersCharles Barkley & Julius Erving
41.7%
Philadelphia 76ersCharles Barkley & Moses Malone
40.2%
Boston CelticsLarry Bird & Bill Walton
37.8%
Boston CelticsLarry Bird & Dave Cowens
20.5%
Los Angeles LakersMagic Johnson & Bob McAdoo
17.1%
Los Angeles LakersKareem Abdul-Jabbar & Bob McAdoo
16.2%
Philadelphia 76ersMoses Malone & Bob McAdoo
11.5%
Buffalo BravesMoses Malone & Bob McAdoo
11.5%
San Antonio SpursMoses Malone & David Robinson
10.9%
Philadelphia 76ersJulius Erving & Bob McAdoo
10.8%
Philadelphia 76ersCharles Barkley & Bob McAdoo
9.9%
Cincinnati RoyalsBob Cousy & Oscar Robertson
8.6%
Boston CelticsDave Cowens & Bob McAdoo
6.3%

You're not logged in!

Compare scores with friends on all Sporcle quizzes.
OR
Log In

You Might Also Like...

Show Comments

Extras

Top Quizzes Today


Score Distribution

Your Account Isn't Verified!

In order to create a playlist on Sporcle, you need to verify the email address you used during registration. Go to your Sporcle Settings to finish the process.

Report this User

Report this user for behavior that violates our Community Guidelines.

Details: